| 000 | 00654nam a2200217Ia 4500 | ||
|---|---|---|---|
| 008 | 241004s9999 xx 000 0 und d | ||
| 020 | _a9789389386196 | ||
| 037 | _aTextbook | ||
| 040 |
_aARTS _bsan _cARTS |
||
| 041 |
_aeng _2san |
||
| 084 |
_aO15,1NMI,RA 111R2 _qARTS |
||
| 100 |
_aMishra Braj Sundar Au. _9724582 |
||
| 245 |
_aRahasya - rasam _cMishra Braj Sundar Au. |
||
| 260 |
_aIndia _bDelhi Eastern Book Linkers _c2022 |
||
| 300 | _aix,141p. | ||
| 365 |
_aINR _b550 |
||
| 546 | _aTranslated from Sanskrit to eng | ||
| 650 |
_aSanskrit Poetry _9155567 |
||
| 942 |
_cTB _hO15,1NMI,RA 111R2 |
||
| 999 |
_c1218699 _d1218699 |
||